Návrh opatrení pre rozvoj integrovanej marketingovej komunikácie v Old Herold, s.r.o. Trenčín = Proposal of arrangements for the development of integrated marketing communication in the corporation OLD HEROLD, s.r.o. Trenčín : Bakalárska práca

Guardado en:
Detalles Bibliográficos
Autor principal: Klinková, Katarína (Autor)
Otros Autores: Lenhardt, Igor (xxx)
Formato: Manuscrito Libro
Lenguaje:eslovaco
Publicado: Trnava : STU v Bratislave MTF UPMK, 2007
Materias:
Etiquetas: Agregar Etiqueta
Sin Etiquetas, Sea el primero en etiquetar este registro!

MARC

LEADER 00000ntm a22000003a 4500
001 stu146654
005 20160719155720.2
008 071015s2007----xo------------------slo-d
040 |a STU  |b slo 
041 0 |a slo 
044 |a xo 
100 1 |a Klinková, Katarína  |4 aut 
245 1 |a Návrh opatrení pre rozvoj integrovanej marketingovej komunikácie v Old Herold, s.r.o. Trenčín = Proposal of arrangements for the development of integrated marketing communication in the corporation OLD HEROLD, s.r.o. Trenčín :  |b Bakalárska práca 
260 |a Trnava :  |b STU v Bratislave MTF UPMK,  |c 2007 
300 |a 59 s 
500 |a Odbor: priemyselné inžinierstvo a manažment 
650 7 |a marketingová komunikácia  |2 stusub 
700 1 |a Lenhardt, Igor  |4 xxx 
996 |b 284M066277  |c M*BP-2767  |l MMSKP  |s P  |a 0  |w stu146654_0001